| 000 | 00854nam a2200181Ia 4500 | ||
|---|---|---|---|
| 008 | 090124s9999 xx 000 0 und d | ||
| 082 | _b39891 | ||
| 100 | _aदाभोळकर दत्तप्रसाद | ||
| 245 | _a" प्रकाशवाटा,दुर्गा भागवत आणि नानाजी देशमुख" | ||
| 250 | _a0 | ||
| 260 |
_bशब्द प्रकाशन _c2003 |
||
| 300 | _a243 | ||
| 600 | _aदाभोळकर दत्तप्रसाद | ||
| 630 | _a" प्रकाशवाटा,दुर्गा भागवत आणि नानाजी देशमुख" | ||
| 700 | _aदाभोळकर दत्तप्रसाद | ||
| 730 | _a" प्रकाशवाटा,दुर्गा भागवत आणि नानाजी देशमुख" | ||
| 942 | _cBOOK | ||
| 999 |
_c101504 _d101504 |
||